000
00268 a2200121 4500
005
20251017170705.0
020
_a
978-8119896608
100
_a
Weir, Maurice D.
_9
1439
245
_a
Thomas' Calculus
250
_a
15th ed
260
_b
Pearson Education
_c
2024
942
_c
BK
999
_c
5523
_d
5518